000 00370nam a2200145Ia 4500
008 230917s9999||||xx |||||||||||||| ||und||
040 _e120833
_aMAIN
041 _aEnglish
082 _a823.09 J559H:H
100 _aH-Shihan, I
245 0 _aRuth Prawer Jhabvala's Heat and Dust
260 _aNew Delhi
_bAtlantic Publishers
_c2006
300 _a152 p.
942 _cBK
999 _c143766
_d143766